Catálogo
 En Linea

Derecho procesal civil actualizado : (Registro nro. 50208)

Detalles MARC
000 -CABECERA
campo de control de longitud fija 01339aaa a2200289 4500
003 - IDENTIFICADOR DEL NÚMERO DE CONTROL
campo de control DO-SdBNP
005 - FECHA Y HORA DE LA ÚLTIMA TRANSACCIÓN
campo de control 20240301140956.0
007 - CAMPO FIJO DE DESCRIPCIÓN FÍSICA--INFORMACIÓN GENERAL
campo de control de longitud fija ta
008 - DATOS DE LONGITUD FIJA--INFORMACIÓN GENERAL
campo de control de longitud fija 210809e2017 dr ||||fr|||| 001 0dspa
020 ## - NÚMERO INTERNACIONAL ESTÁNDAR DEL LIBRO
Número Internacional Estándar del Libro 9789945481815 (v.2)
020 ## - NÚMERO INTERNACIONAL ESTÁNDAR DEL LIBRO
Número Internacional Estándar del Libro 9789945505030 (v.3)
020 ## - NÚMERO INTERNACIONAL ESTÁNDAR DEL LIBRO
Número Internacional Estándar del Libro 9789945505047 (v.4)
040 ## - FUENTE DE LA CATALOGACIÓN
Centro catalogador/agencia de origen DO-SdBNP
Lengua de catalogación spa
Centro/agencia transcriptor BNPHU
082 #4 - NÚMERO DE LA CLASIFICACIÓN DECIMAL DEWEY
Número de clasificación 347.729305
Número de documento/Ítem P438d
Número de edición 22
100 1# - ENTRADA PRINCIPAL--NOMBRE DE PERSONA
Nombre de persona Pérez Taveras, Eladio Miguel
9 (RLIN) 79446
245 10 - MENCIÓN DE TÍTULO
Título Derecho procesal civil actualizado :
Resto del título tratado práctico sobre los embargos inmobiliarios y sus incidentes /
Mención de responsabilidad, etc. Eladio Antonio Miguel Pérez Taveras.
260 ## - PUBLICACIÓN, DISTRIBUCIÓN, ETC.
Lugar de publicación, distribución, etc. Santo Domingo :
Nombre del editor, distribuidor, etc. Centenario SRL,
Fecha de publicación, distribución, etc. 2017-2019
300 ## - DESCRIPCIÓN FÍSICA
Extensión v. ;
Dimensiones 23 cm.
500 ## - NOTA GENERAL
Nota general Incluye datos biográficos del autor en la solapas
500 ## - NOTA GENERAL
Nota general Incluye índice alfabético de materia.
500 ## - NOTA GENERAL
Nota general Incluye bibliografía
505 ## - NOTA DE CONTENIDO CON FORMATO
Información miscelánea v.2.
Título Teoría del saneamiento procesal constitucional. Los incidentes del proceso civil, fundamento constitucional, legal, jurisprudencial y doctrinal --
Información miscelánea v.3.
Título Tratado práctico sobre los embargos mobiliarios y sus incidentes --
Información miscelánea v.4.
Título Tratado práctico sobre los embargos inmobiliarios sus incidentes.
590 ## - NOTA LOCAL (RLIN)
Nota local Inventariado, 2021 S/A
650 #4 - PUNTO DE ACCESO ADICIONAL DE MATERIA--TÉRMINO DE MATERIA
9 (RLIN) 52274
Término de materia o nombre geográfico como elemento de entrada Procedimiento civil
Subdivisión general República Dominicana
910 ## - DATOS DE OPCIÓN DEL USUARIO (OCLC)
Datos de opción del usuario Saquino/Validado. Control de calidad MFF
942 ## - ELEMENTOS DE PUNTO DE ACCESO ADICIONAL (KOHA)
Fuente del sistema de clasificación o colocación Dewey Decimal Classification
Tipo de ítem Koha Libro
Existencias
Estado de retiro Estado de pérdida Fuente del sistema de clasificación o colocación Restricciones de uso No para préstamo Código de colección Localización permanente Ubicación/localización actual Ubicación en estantería Fecha de adquisición Fuente de adquisición Signatura topográfica completa Código de barras Fecha visto por última vez Número de copia Precio válido a partir de Tipo de ítem Koha
    Dewey Decimal Classification Préstamo restringido   Patrimonio Dominicano Biblioteca Nacional Pedro Henríquez Ureña Biblioteca Nacional Pedro Henríquez Ureña Depósito 18.09.2018 Depósito Legal BNPHU PD 347.729305 P438d 2021-25438 10.08.2021 v. 2 10.08.2021 Libro
    Dewey Decimal Classification Excluido de préstamo   Dominicana de Servicio Biblioteca Nacional Pedro Henríquez Ureña Biblioteca Nacional Pedro Henríquez Ureña Depósito 12.02.2022 Depósito Legal BNPHU PD 347.729305 P438d 2022-1194 06.04.2022 v.3 06.04.2022 Libro
    Dewey Decimal Classification Excluido de préstamo   Dominicana de Servicio Biblioteca Nacional Pedro Henríquez Ureña Biblioteca Nacional Pedro Henríquez Ureña Depósito 12.02.2021 Depósito Legal BNPHU DS 347.729305 P438d 2022-1195 06.04.2022 v.4 06.04.2022 Libro

Con tecnología Koha